Αλλεργιογόνοι οργανισμοί της νήσου Λέσβου : επιπολασμός αλλεργικών συμπτωμάτων από το αρχείο του Βοστάνειου Νοσοκομείου Μυτιλήνης : [μεταπτυχιακή διατριβή]

Αποθηκεύτηκε σε:
Λεπτομέρειες βιβλιογραφικής εγγραφής
Κύριος συγγραφέας: Καρπέλης, Ευστράτιος
Συγγραφή απο Οργανισμό/Αρχή: Πανεπιστήμιο Αιγαίου Σχολή Περιβάλλοντος Τμήμα Περιβάλλοντος Πρόγραμμα Μεταπτυχιακών Σπουδών Γεωργία και Περιβάλλον
Άλλοι συγγραφείς: Δημητρακόπουλος, Παναγιώτης Γ. (Εισηγητής διατριβής)
Μορφή: Thesis Βιβλίο
Γλώσσα:Greek
Δημοσίευση: 2013
Θέματα:
Διαθέσιμο Online:http://hdl.handle.net/11610/15298
Ετικέτες: Προσθήκη ετικέτας
Δεν υπάρχουν, Καταχωρήστε ετικέτα πρώτοι!

MARC

LEADER 00000cam a2200000 i 4500
001 1/55565
008 140911s2013 gre d
035 |l 10119029 
040 |a GR-MY-UA  |b gre  |e aacr 
041 0 |a gre 
082 0 |a 577  |2 (22) 
100 1 |a Καρπέλης, Ευστράτιος. 
245 1 0 |a Αλλεργιογόνοι οργανισμοί της νήσου Λέσβου :  |b επιπολασμός αλλεργικών συμπτωμάτων από το αρχείο του Βοστάνειου Νοσοκομείου Μυτιλήνης : [μεταπτυχιακή διατριβή] /  |c Καρπέλης Ευστράτιος ; υπεύθυνος καθηγητής: Δημητρακόπουλος Παναγιώτης 
260 |c 2013 
300 |a 137 σ.;  |b πίν.;  |c 30 εκ. 
500 |a Βιβλιογραφία: σ. 84-88, παράρτημα 
502 |a Διατριβή (μεταπτυχιακή) – Πανεπιστήμιο Αιγαίου, Λέσβος, 2013. 
650 0 0 |a Allergy. 
650 0 0 |a Poisonous plants. 
650 0 0 |a Hay-fever plants. 
650 0 |a Allergens  |z Greece  |z Lesbos (Municipality) 
650 0 0 |a Dissertations, Academic  |z Greece. 
700 1 |4 ths  |a Δημητρακόπουλος, Παναγιώτης Γ. 
710 2 |a Πανεπιστήμιο Αιγαίου  |b Σχολή Περιβάλλοντος  |b Τμήμα Περιβάλλοντος  |b Πρόγραμμα Μεταπτυχιακών Σπουδών Γεωργία και Περιβάλλον. 
852 |a INST  |b LESVOS  |c DIATR  |e 20140911  |h 469  |p 005100055158  |q 005100055158  |t MTXE  |y 23 
852 |a INST  |b LESVOS  |c DIATR  |e 20140911  |h 470  |p 005100055159  |q 005100055159  |t MTXE  |y 23 
856 |u http://hdl.handle.net/11610/15298 
901 |a BIBL1-2014-3 
909 |a Λ  |b 190695 
909 |a Λ  |b 190696 
924 |a ΚΑΡΠΕΛΗΣ  |b ΕΥΣΤΡΑΤΙΟΣ  |y ΛΕΣΒΟΣ  |z 2013-10 
970 |a ΤΖΑΦΕΡΗ  |b ΕΥΑΓΓΕΛΙΑ  |z 2014/09/11